|
|
|
|
| LEADER |
00825nam a2200289 4500 |
| 001 |
DLU070058701 |
| 005 |
##20070131 |
| 040 |
# |
# |
|a DLU
|b vie
|
| 041 |
# |
# |
|a vie
|
| 044 |
# |
# |
|a vn
|
| 082 |
# |
# |
|a 657
|b TR-T
|
| 100 |
# |
# |
|a Trần Văn Thắng
|
| 245 |
# |
# |
|a Hướng dẫn thực hành kế toán bằng Excel :
|b 35 bài toán kế toán mẫu về nhân sự, tiền lương, vật tư, tài sản, kế toán tiền tệ... /
|c Trần Văn Thắng
|
| 260 |
# |
# |
|a H. :
|b Tài chính,
|c 2004.
|
| 300 |
# |
# |
|a 578 tr. :
|b minh hoạ ;
|c 28 cm.
|
| 653 |
# |
# |
|a Báo cáo tài chính.
|
| 653 |
# |
# |
|a Kế toán.
|
| 923 |
# |
# |
|a 38/2006
|
| 992 |
# |
# |
|a 122.000
|
| 994 |
# |
# |
|a DLU
|
| 900 |
# |
# |
|a True
|
| 911 |
# |
# |
|a Đào Thị Thu Huyền
|
| 925 |
# |
# |
|a G
|
| 926 |
# |
# |
|a A
|
| 927 |
# |
# |
|a SH
|
| 980 |
# |
# |
|a Thư viện Trường Đại học Đà Lạt
|